Super Smash Bros. Ultimate Franchises With The Most Music - Statistics

General Stats
  • This quiz has been taken 239 times
    122 since last reset
  • The average score is 23 of 36
Answer Stats
# of tracks Example Franchise % Correct
107 Ground Theme, Rainbow Road Mario
100%
106 Lifelight, Targets Super Smash Bros.
86%
39 Green Greens, Ice Cream Island Kirby’s Dreamland
81%
52 Code Name: F.E., Shadow Dragon Medley Fire Emblem
80%
26 Splattack!, Ink or Sink Splatoon
79%
11 Theme of Tara, Theme of Solid Snake Metal Gear
77%
20 Green Hill Zone, Scrap Brain Zone Sonic
77%
45 Overworld Theme, Death Mountain The Legend of Zelda
77%
35 Road to Viridian City, Victory Road Pokémon
76%
26 Mute City, Big Blue F-Zero
74%
18 Corneria, Space Armada Star Fox
74%
18 Spring Stadium, Ramen Bowl ARMS
73%
27 Brinstar, Norfair Metroid
73%
41 Guile Stage, Vega Stage Street Fighter
73%
35 Vampire Killer, Starker/Wicked Child Castlevania
72%
11 Ashley’s Song, Mike’s Song Wario
70%
21 Go K.K. Rider!, 2:00am Animal Crossing
69%
29 Opening, 25m Theme Donkey Kong
67%
31 Cut Man Stage, Guts Man Stage Mega Man
67%
2 Flat Zone, Flat Zone 2 Game and Watch
65%
10 Spiral Mountain, Treasure Trove Cove Banjo-Kazooie
60%
13 Underworld, Magnus’s Theme Kid Icarus
60%
11 Galaga Medley, Mappy Medley Pac-Man
59%
11 Last Surprise, Beneath the Mask Persona
59%
14 Athletic Theme, Obstacle Course Yoshi’s Island
58%
5 Minor Circuit, Jogging/Countdown Punch-Out!!
57%
14 Forest of Hope, Environmental Noises Pikmin
55%
10 Super Hoop, Rhythm Boxing Wii Fit
55%
11 One of a Kind, Let’s Hit the Climax! Bayonetta
53%
11 Let the Battles Begin!, Fight On! Final Fantasy
53%
14 Pollyanna, Humoresque of a Little Dog Earthbound
51%
7 Halland/Dalarna, Toys on a Tear Minecraft
48%
39 Emotionless Passion, Moonsiders 1st Tekken
42%
50 The Sea Knows, Kurikinton Fatal Fury
41%
27 Engage the Enemy, Time to Fight! Xenoblade Chronicles
41%
10 Hand in Hand, Scherzo di Notte Kingdom Hearts
40%
No matching quizzes found
Score Distribution
Percent of People with Each Score
Percentile by Number Answered
Your Score History
You have not taken this quiz since the last reset